Las OPAs de voto en la sociedad ann̤ima

Bibliographic Details
Main Author: Soler Padr,̤ Jacinto
Format: Unknown
Language:Spanish
Published: Barcelona : Cedecs, 2001
Series:Monografa̕ (Cedecs)
Subjects:
Online Access:Acceso restringido

MARC

LEADER 00000ny a22000003n 4500
005 20110616123244.0
008 011214s2001 sp 000 0 spa d
020 |a 9788495665003 
035 |a 3240 
040 |a UZ.DER  |d vLex 
090 |c 767  |d 767 
100 1 |a Soler Padr,̤ Jacinto 
245 1 4 |a Las OPAs de voto en la sociedad ann̤ima  |h [Recurso electrn̤ico]  |c Jacinto Soler Padr̤ 
246 3 |a Opas de voto en la Sociedad Ann̤ima cotizada 
256 |a Servicio en ln̕ea 
260 |a Barcelona :  |b Cedecs,  |c 2001 
300 |a 141 p. ;  |c 23 cm 
490 1 |a Biblioteca Jurd̕ica Soler Padr̤ 
490 1 |a Monografa̕ 
506 1 |a Contenido solo disponible en los productos indicados  |d vLex Global  |d vLex Global (Academic Edition, excluding Law Schools)  |d vLex Global (U.S. Academic Edition, Law Schools)  |d vLex Global (U.S. Academic Edition, excluding Law Schools)  |d vLex Global (Academic Edition, Law Schools) 
650 0 7 |a Accionistas  |2 Tesauro vLex 
650 0 7 |a Sociedades ann̤imas  |2 Tesauro vLex 
650 0 7 |2 Tesauro vLex  |a Derecho de sociedades 
650 0 7 |2 Tesauro vLex  |a Sociedades ann̤imas 
650 0 7 |2 Tesauro vLex  |a Oferta pb︢lica de las nuevas acciones  
650 0 7 |2 Tesauro vLex  |a Concepto 
650 0 7 |2 Tesauro vLex  |a Rǧimen jurd̕ico y clases de opas 
650 0 7 |2 Tesauro vLex  |a Sociedad ann̤ima cotizada 
740 0 |a vLex Libros (Servicios en ln̕ea) 
830 0 |a Monografa̕ (Cedecs) 
856 4 0 |z Acceso restringido  |u http://vlex.com/source/3240 
942 |c BOOK 
999 0 |a Cooperative  |b Barcelona